Faculty of Law Library — Cairo University

Official Online Catalog

The International Criminal Court and national courts : (Record no. 51197)

MARC details
000 -LEADER
fixed length control field 01522cac a2200349 i 4500
003 - CONTROL NUMBER IDENTIFIER
control field EG-GICUC
005 - DATE AND TIME OF LATEST TRANSACTION
control field 20260121101517.0
008 - FIXED-LENGTH DATA ELEMENTS--GENERAL INFORMATION
fixed length control field 100817s2011 enk frb 001 0 eng d
020 ## - INTERNATIONAL STANDARD BOOK NUMBER
International Standard Book Number 9781409409168
Qualifying information hardback : alk. paper
020 ## - INTERNATIONAL STANDARD BOOK NUMBER
International Standard Book Number 9781409409175
Qualifying information ebook
040 ## - CATALOGING SOURCE
Original cataloging agency DLC
Transcribing agency DLC
Modifying agency DLC
-- EG-GICUC
Language of cataloging eng
Description conventions rda
050 00 - LIBRARY OF CONGRESS CALL NUMBER
Classification number KZ7379
Item number .J87 2011
082 00 - DEWEY DECIMAL CLASSIFICATION NUMBER
Classification number 341.71
Edition number 21
092 04 - LOCALLY ASSIGNED DEWEY CALL NUMBER (OCLC)
Edition number 21
099 ## - LOCAL FREE-TEXT CALL NUMBER (OCLC)
Classification number Law 10 2011
100 1# - MAIN ENTRY--PERSONAL NAME
Personal name Jurdi, Nidal Nabil.
245 14 - TITLE STATEMENT
Title The International Criminal Court and national courts :
Remainder of title a contentious relationship /
Statement of responsibility, etc. Nidal Nabil Jurdi.
264 ## - PRODUCTION, PUBLICATION, DISTRIBUTION, MANUFACTURE, AND COPYRIGHT NOTICE
Place of production, publication, distribution, manufacture Farnham, Surrey, England ;
-- Burlington, VT :
Name of producer, publisher, distributor, manufacturer Ashgate,
Date of production, publication, distribution, manufacture, or copyright notice 2011.
300 ## - PHYSICAL DESCRIPTION
Extent xxiii, 303 page ;
Dimensions 24 cm.
336 ## - CONTENT TYPE
Content type term text
Content type code txt
Source rdacontent
337 ## - MEDIA TYPE
Media type term unmediated
Media type code n
Source rdamedia
338 ## - CARRIER TYPE
Carrier type term volume
Carrier type code nc
Source rdacarrier
490 0# - SERIES STATEMENT
Series statement International and comparative criminal justice
504 ## - BIBLIOGRAPHY, ETC. NOTE
Bibliography, etc. note Includes bibliographical references (p. [269]-295) and index.
505 0# - FORMATTED CONTENTS NOTE
Formatted contents note History and legal background of the principle of complementarity -- Complementarity in abstract -- Possible de jure and de facto hurdles to complementarity -- Complementarity and state referral : The North Uganda situation -- Complementarity and Security Council referral : the Darfur situation.
610 20 - SUBJECT ADDED ENTRY--CORPORATE NAME
Corporate name or jurisdiction name as entry element International Criminal Court.
650 #0 - SUBJECT ADDED ENTRY--TOPICAL TERM
Topical term or geographic name entry element Complementarity (International law)
650 #0 - SUBJECT ADDED ENTRY--TOPICAL TERM
Topical term or geographic name entry element International and municipal law.
856 40 - ELECTRONIC LOCATION AND ACCESS
Uniform Resource Identifier <a href="https://fll.law.cu.edu.eg/fulltext/bks/ENGB10-00053.pdf">https://fll.law.cu.edu.eg/fulltext/bks/ENGB10-00053.pdf</a>
905 ## - Cataloger and Reviser Names
Cataloger Name: Hend El khosy
942 ## - ADDED ENTRY ELEMENTS (KOHA)
Source of classification or shelving scheme Dewey Decimal Classification
Koha item type Books
Edition 21
Suppress in OPAC No
Holdings
Withdrawn status Lost status Source of classification or shelving scheme Damaged status Not for loan Collection Home library Current library Date acquired Total checkouts Full call number Barcode Date last seen Copy number Price effective from Koha item type Public note
    Dewey Decimal Classification     القانون الجنائي جــــامعة القــاهرة مكتبة كلية الحقوق - فـرع الشيخ زايد 17.12.2025   Law2 10 341.77 JU . I 2011 1000053 C1 ENGB10-00053 17.12.2025 1 17.12.2025 Books 591
    Dewey Decimal Classification     القانون الجنائي جــــامعة القــاهرة مكتبة كلية الحقوق - فـرع الشيخ زايد 17.12.2025   Law2 10 341.77 JU . I 2011 1000054 C2 ENGB10-00054 17.12.2025 2 17.12.2025 Books 592

© All rights reserved — Faculty of Law, Cairo University